<?xml version="1.0" encoding="UTF-8"?>
<record
    xmlns:xsi="http://www.w3.org/2001/XMLSchema-instance"
    xsi:schemaLocation="http://www.loc.gov/MARC21/slim http://www.loc.gov/standards/marcxml/schema/MARC21slim.xsd"
    xmlns="http://www.loc.gov/MARC21/slim">

  <leader>01164nam a2200289 a 4500</leader>
  <controlfield tag="001">BRCA_1688</controlfield>
  <controlfield tag="005">20190320203517.0</controlfield>
  <controlfield tag="008">890510s1988    mx-a---##b---#000-0#spa-#</controlfield>
  <datafield tag="020" ind1=" " ind2=" ">
    <subfield code="a">9687009152</subfield>
  </datafield>
  <datafield tag="040" ind1=" " ind2=" ">
    <subfield code="a">DLC</subfield>
    <subfield code="c">DLC</subfield>
    <subfield code="d">DLC</subfield>
  </datafield>
  <datafield tag="050" ind1=" " ind2="4">
    <subfield code="a">ND239</subfield>
    <subfield code="b">.T68 1988</subfield>
  </datafield>
  <datafield tag="100" ind1="1" ind2=" ">
    <subfield code="a">Tovar de Teresa, Guillermo</subfield>
    <subfield code="d">1956-</subfield>
    <subfield code="9">559</subfield>
  </datafield>
  <datafield tag="245" ind1="1" ind2="0">
    <subfield code="a">Un rescate de la fantas&#xED;a</subfield>
    <subfield code="b">el arte de los Lagarto, iluminadores novohispanos de los siglos XVI y XVII</subfield>
    <subfield code="c">Guillermo Tovar de Teresa.</subfield>
  </datafield>
  <datafield tag="260" ind1=" " ind2=" ">
    <subfield code="a">M&#xE9;xico</subfield>
    <subfield code="b">Fomento Cultural Banamex</subfield>
  </datafield>
  <datafield tag="260" ind1=" " ind2=" ">
    <subfield code="a">Madrid</subfield>
    <subfield code="b">Turner Libros</subfield>
    <subfield code="c">c1988</subfield>
  </datafield>
  <datafield tag="300" ind1=" " ind2=" ">
    <subfield code="a">239 p., [2] p. de l&#xE1;minas</subfield>
    <subfield code="b">il. (algunas a color)</subfield>
    <subfield code="c">34 cm.</subfield>
    <subfield code="e">10 l&#xE1;minas sueltas</subfield>
  </datafield>
  <datafield tag="500" ind1=" " ind2=" ">
    <subfield code="a">T&#xED;tulo de lomo : El arte de los Lagarto</subfield>
  </datafield>
  <datafield tag="500" ind1=" " ind2=" ">
    <subfield code="a">Incluye ap&#xE9;ndice documental</subfield>
  </datafield>
  <datafield tag="504" ind1=" " ind2=" ">
    <subfield code="a">Bibliograf&#xED;a: p. 197-220</subfield>
  </datafield>
  <datafield tag="650" ind1="1" ind2="4">
    <subfield code="a">Familia Lagarto</subfield>
    <subfield code="z">Espa&#xF1;a - M&#xE9;xico</subfield>
    <subfield code="9">5280</subfield>
  </datafield>
  <datafield tag="650" ind1="1" ind2="4">
    <subfield code="a">Iluminaci&#xF3;n de libros y manuscritos espa&#xF1;oles</subfield>
    <subfield code="z">M&#xE9;xico</subfield>
    <subfield code="9">5281</subfield>
  </datafield>
  <datafield tag="650" ind1="1" ind2="4">
    <subfield code="a">Iluminaci&#xF3;n de libros y manuscritos barrocos</subfield>
    <subfield code="z">M&#xE9;xico</subfield>
    <subfield code="9">5282</subfield>
  </datafield>
  <datafield tag="650" ind1="1" ind2="4">
    <subfield code="a">Escritura novohispana</subfield>
    <subfield code="y">Siglos XVI y XVII</subfield>
    <subfield code="9">5283</subfield>
  </datafield>
  <datafield tag="700" ind1="1" ind2=" ">
    <subfield code="a">Lagarto, Luis</subfield>
    <subfield code="d">b. 1556.</subfield>
    <subfield code="9">5284</subfield>
  </datafield>
  <datafield tag="740" ind1="0" ind2=" ">
    <subfield code="a">Arte de los Lagarto</subfield>
  </datafield>
  <datafield tag="942" ind1=" " ind2=" ">
    <subfield code="2">lcc</subfield>
    <subfield code="c">B</subfield>
  </datafield>
  <datafield tag="999" ind1=" " ind2=" ">
    <subfield code="c">1481</subfield>
    <subfield code="d">1481</subfield>
  </datafield>
  <datafield tag="952" ind1=" " ind2=" ">
    <subfield code="0">0</subfield>
    <subfield code="1">0</subfield>
    <subfield code="4">0</subfield>
    <subfield code="7">0</subfield>
    <subfield code="a">BRCA</subfield>
    <subfield code="b">BRCA</subfield>
    <subfield code="d">2008-06-27</subfield>
    <subfield code="l">0</subfield>
    <subfield code="o">ND239 .T68 1988</subfield>
    <subfield code="p">02324</subfield>
    <subfield code="r">2019-03-22 00:00:00</subfield>
    <subfield code="w">2019-03-22</subfield>
    <subfield code="y">B</subfield>
  </datafield>
</record>
